000 00306nam a22001457a 4500
008 221117b ||||| |||| 00| 0 eng d
020 _a9780321751232
041 _aeng
080 _a615
082 _a615 DON
100 _a16.2
101 _aEGZ
245 _aMY HEALTH
_cDONATELLE R
942 _2udc
_cBK
999 _c58914
_d58914